| 000 | 00354nam a2200145 a 4500 | ||
|---|---|---|---|
| 001 | 5814 | ||
| 003 | CDMR | ||
| 005 | 20130116135313.0 | ||
| 008 | 130130s ||||||||||||||||||||||||||||d | ||
| 040 |
_aCDMR _bcat _cCDMR |
||
| 245 | 0 | _aTelecommunication tariffs for the mass media | |
| 260 | _bUnesco | ||
| 490 | 0 |
_aNew Communication Order _v8 _92738 |
|
| 942 | _cMON | ||
| 999 |
_c5814 _d5814 |
||